000
00326 a2200133 4500
000
nam a22 7a 4500
005
20260128161649.0
020
_a
978-93-86235-46-6
100
_a
Joseph, George
_9
1112467
245
_a
Fundamental of remote sensing
250
_a
3rd
260
_b
Universities Press
_c
2018
942
_c
TB
999
_c
1678303
_d
1678303